Loreto College Library, Kolkata
WEBOPAC (ONLINE PUBLIC ACCESS CATALOGUE)

Methodology of educational Research (Record no. 3793)

MARC details
000 -LEADER
fixed length control field 00603nam a2200217Ia 4500
008 - FIXED-LENGTH DATA ELEMENTS--GENERAL INFORMATION
fixed length control field 131103s9999 xx 000 0 und d
020 ## - ISBN | অাই এস বি এন
ISBN | অাই এস বি এন 070692376 6
PRICE Rs.50
040 ## - CATALOGING SOURCE
Original cataloging agency Loreto College
041 ## - LANGUAGE CODE
Language code English
082 ## - DDC | ডিউই
Classification number | বর্গসংখ্যা 370.7/KOU
Book Number | গ্রন্থাঙ্ক LCLIB/39051
100 ## - MAIN ENTRY--PERSONAL NAME | মুখ্য সংলেখ - ব্যাক্তিনাম
Personal name | ব্যাক্তিনাম Koul,Lokesh
245 ## - TITLE STATEMENT | অাখ্যা বিবরণী
Title | অাখ্যা Methodology of educational Research
Statement of responsibility | লেখকের দায়িত্বের বিবরণ Lokesh Koul
260 ## - IMPRINT | প্রকাশনা ক্ষেত্র
Place of publication | প্রকাশ স্থান Delhi
Name of publisher | প্রকাশকের নাম Vani Educational Books
Date of publication | প্রকাশ কাল 1984
300 ## - PHYSICAL DESCRIPTION |
Page / Vol. No | পৃষ্ঠা / খন্ড সংখ্যা xi,511 p.
Other physical details | অনান্য বাহ্যিক বিবরণ ill.,fig.,tables
504 ## - BIBLIOGRAPHY, ETC. NOTE
Bibliography, etc Includes references and index
630 ## - SUBJECT ADDED ENTRY--UNIFORM TITLE
Uniform title Related Topics
650 ## - SUBJECT ADDED ENTRY--TOPICAL TERM | বিষয় শিরোনাম - মূল বিষয়
Topical term | মূল বিষয় Education
651 ## - SUBJECT ADDED ENTRY--GEOGRAPHIC NAME | বিষয় শিরোনাম - ভৌগলিক নাম
Geographic name | ভৌগলিক বিষয় Research
850 ## - HOLDING INSTITUTION
Holding institution LCLIB
942 ## - ADDED ENTRY ELEMENTS (KOHA)
Koha item type Books
Holdings
Withdrawn status Lost status Damaged status Not for loan Home library Current library Date acquired Total Checkouts Full call number Accession No. Date last seen Date checked out Price effective from Koha item type
        Loreto College Loreto College 04/11/2013 3 370.7/KOU LCLIB/39051 B3660 21/03/2022 11/03/2022 04/11/2013 Books